Online
Catalog

Compendio de monografías de la especialidad de comando y Estado mayor conjunto : (Record no. 45833)

MARC details
000 -CABECERA
campo de control de longitud fija 01104nam a2200181 a 4500
001 - NÚMERO DE CONTROL
campo de control 000046344
003 - IDENTIFICADOR DEL NÚMERO DE CONTROL
campo de control DO-SdBNP
005 - FECHA Y HORA DE LA ÚLTIMA TRANSACCIÓN
campo de control 20250220094933.0
008 - DATOS DE LONGITUD FIJA--INFORMACIÓN GENERAL
campo de control de longitud fija 150731s2013 dr 000 0 spa d
040 ## - FUENTE DE LA CATALOGACIÓN
Centro catalogador/agencia de origen DO-SdBNP
Lengua de catalogación spa
Centro/agencia transcriptor BNPHU
110 1# - ENTRADA PRINCIPAL--NOMBRE DE ENTIDAD CORPORATIVA
Nombre de entidad corporativa o nombre de jurisdicción como elemento de entrada República Dominicana.
Unidad subordinada Ministerio de las Fuerzas Armadas
9 (RLIN) 74372
245 10 - MENCIÓN DE TÍTULO
Título Compendio de monografías de la especialidad de comando y Estado mayor conjunto :
Resto del título promociones 2011-2012 /
Mención de responsabilidad, etc. editor, Eduardo Klinger Pevida.
260 ## - PUBLICACIÓN, DISTRIBUCIÓN, ETC.
Lugar de publicación, distribución, etc. Santo Domingo :
Nombre del editor, distribuidor, etc. INSUDE,
Fecha de publicación, distribución, etc. 2013.
300 ## - DESCRIPCIÓN FÍSICA
Extensión 374 p. ;
Dimensiones 24 cm.
505 0# - NOTA DE CONTENIDO CON FORMATO
Nota de contenido con formato Vinculación sociocultural de las instituciones militares con la sociedad civil -- Educación superior ciencia y tecnología -- Desarrollo profesional militar --Seguridad y Defensa --Seguridad -- Apoyo al combate contra el narcotráfico y crimen organizado -- Fortalecimiento institucional del sistema de seguridad y defensa nacional --Medio ambiente, prevención y riesgos y asistencia humanitaria -- Protección de cuencas hidrográficas -- Protección del medio ambiente
700 12 - PUNTO DE ACCESO ADICIONAL--NOMBRE DE PERSONA
Nombre de persona Klinger Pevida, Eduardo
Término indicativo de función/relación ed.
9 (RLIN) 2240
942 ## - ELEMENTOS DE PUNTO DE ACCESO ADICIONAL (KOHA)
Fuente del sistema de clasificación o colocación Dewey Decimal Classification
Tipo de ítem Koha Libro
Holdings
Estado de retiro Estado de pérdida No para préstamo Código de colección Localización permanente Ubicación/localización actual Ubicación en estantería Fecha de adquisición Número de inventario Total de préstamos Signatura topográfica completa Código de barras Fecha visto por última vez Precio válido a partir de Tipo de ítem Koha Número de copia
    Excluido de préstamo Patrimonio Dominicano Patrimonio Dominicano Patrimonio Dominicano Depósito 31.07.2015 LF1   46344-10 25.06.2020 25.06.2020 Libro y Folleto Colección Patrimonio Dominicano  
    Excluido de préstamo Patrimonio Dominicano Patrimonio Dominicano Patrimonio Dominicano Depósito 31.07.2015 LF1   46344-20 25.06.2020 25.06.2020 Libro y Folleto Colección Patrimonio Dominicano e. 2

Powered by Koha